Novelizace celního sazebníku.

Novelizácia colného sadzobníka v bývalej ČSFR, ktorá vstúpila do platnosti od 1.1.1993. Novelizovaný colný sadzobník zahŕňa zmeny a doplnky kombinovanej nomenklatúry podľa zmien uskutočnených Komisiou Európskych spoločenstiev na základe Európskej dohody, ako aj zmeny colných sadzieb vyplývajúce z ro...

Ausführliche Beschreibung

Gespeichert in:
Bibliographische Detailangaben
1. Verfasser: Havlík, J.
Format: Buchkapitel
Sprache:Tschechisch
Schlagworte:
Tags: Tag hinzufügen
Keine Tags, Fügen Sie das erste Tag hinzu!

MARC

LEADER 00000naa a2200000 4500
001 r013421
005 20221205075939.2
041 0 |a cze 
044 |a SK 
245 1 0 |a Novelizace celního sazebníku.  |c J. Havlík 
520 |a Novelizácia colného sadzobníka v bývalej ČSFR, ktorá vstúpila do platnosti od 1.1.1993. Novelizovaný colný sadzobník zahŕňa zmeny a doplnky kombinovanej nomenklatúry podľa zmien uskutočnených Komisiou Európskych spoločenstiev na základe Európskej dohody, ako aj zmeny colných sadzieb vyplývajúce z rokovaní ČSFR v GATT. 
610 2 0 |a sadzby colné 
610 2 0 |a predpisy právne 
610 2 0 |a ČSFR 
610 2 0 |a GATT 
100 1 |a Havlík, J.